| 000 | 00843nam a2200289Ia 4500 | ||
|---|---|---|---|
| 003 | OSt | ||
| 005 | 20220912150530.0 | ||
| 006 | a|||||r|||| 00| 0 | ||
| 007 | ta | ||
| 008 | 220909b |||||||| |||| 00| 0 eng d | ||
| 020 | _a0691002304 (hbd) | ||
| 024 | _a6240 | ||
| 037 | _bOverseas, | ||
| 037 | _cTextual | ||
| 040 |
_aCSL _beng _cCSL |
||
| 041 | _aeng | ||
| 082 | _aH51-6, N9 | ||
| 100 | _aSchopf J William | ||
| 245 | 0 | _aCradle of life: the discovery of earth's earliest fossils | |
| 260 |
_aNew Jersey _b Princeton University Press _c1999 |
||
| 300 | _axiv,367p | ||
| 500 | _aBibliographical references 349-355p; Glossary 327-347p; Indexes 357-367p | ||
| 650 | _a Precambrian paleontology | ||
| 650 | _aGeology | ||
| 942 |
_hH51-6, N9 _cTEXL _2CC |
||
| 999 |
_c49469 _d49469 |
||